000 00231nam a2200097Ia 4500
001 773330
005 20250826165749.0
008 250824s9999 xx 000 0 und d
245 0 _aSATRANÇ
_cSTEFAN ZWEIG
260 _bEVEREST YAYINLARI
999 _c773330
_d773330